Cómo trabaja un jardín de infantes

Saved in:
Bibliografiske detaljer
Hovedforfatter: Cordeviola de Ortega, María Inés (Author)
Format: Bog
Sprog:spansk
Udgivet: Buenos Aires Kapelusz 1967
Serier:Colección de Pedagogía Práctica
Fag:
Tags: Tilføj Tag
Ingen Tags, Vær først til at tagge denne postø!

MARC

LEADER 00000nam a2200000 a 4500
001 UCW4150
003 CL-VaPUC
008 890928e19670000AG |||||||||||||||||spa|d
082 0 4 |a 372.21  |b COR  |2 21 
100 0 |a Cordeviola de Ortega, María Inés  |e author  |9 308723 
245 1 0 |a Cómo trabaja un jardín de infantes 
300 |a 159 p 
942 |c BK 
945 |d 19890928 00:00:00 
260 |a Buenos Aires  |b Kapelusz  |c 1967 
650 0 |a Educación preescolar  |9 260381 
650 7 |a JARDIN INFANTIL  |2 CL-VaPUC  |9 308724 
583 |a last modification  |c 19890928 00:00:00  |k Rodrigo Vera 
490 0 |a Colección de Pedagogía Práctica 
999 |c 217943  |d 217941 
952 |0 0  |1 0  |4 0  |6 372_210000000000000_COR_1967  |7 0  |8 P  |9 206645  |a BIBEDU  |b BIBEDU  |c BIBEDU_PB  |d 2019-11-15  |i 2744708  |o 372.21 COR 1967  |p 2744708  |r 2024-01-25  |w 2019-11-15  |y BK  |k EDU 
952 |0 0  |1 0  |4 0  |6 372_210000000000000_COR_1967  |7 0  |8 P  |9 206646  |a BIBEDU  |b BIBEDU  |c BIBEDU_PB  |d 2019-11-15  |i 2744716  |o 372.21 COR 1967  |p 2744716  |r 2024-01-25  |w 2019-11-15  |y BK  |k EDU 
952 |0 0  |1 0  |4 0  |6 372_210000000000000_COR_1967  |7 0  |8 P  |9 206647  |a BIBEDU  |b BIBEDU  |c BIBEDU_PB  |d 2019-11-15  |i 1550667  |o 372.21 COR 1967  |p 1550667  |r 2024-01-25  |w 2019-11-15  |y BK  |k EDU 
952 |0 0  |1 0  |4 0  |6 372_210000000000000_COR_1967  |7 0  |8 P  |9 206648  |a BIBEDU  |b BIBEDU  |c BIBEDU_PB  |d 2019-11-15  |i 1550675  |o 372.21 COR 1967  |p 1550675  |r 2024-01-25  |w 2019-11-15  |y BK  |k EDU